00323nam a22000977a 450000500170000000800410001702000150005804000080007324500950008126000490017620200901121153.0200901b ||||| |||| 00| 0 eng d a0521278430 cCML aThe School Mathematics Project Revised Additional Mathematics.cCambridge University Press aCambridgebCam bridge University Pressc1966